Catálogo

Metodología de la investigación / (Registro nro. 64371)

Detalles MARC
000 -LEADER
fixed length control field 01011cam a2200277 i 4500
001 - CONTROL NUMBER
control field 64371
003 - CONTROL NUMBER IDENTIFIER
control field Mx-PuUPA
005 - DATE AND TIME OF LATEST TRANSACTION
control field 20220805115653.0
008 - FIXED-LENGTH DATA ELEMENTS--GENERAL INFORMATION
fixed length control field 160322s2012 mx d g 000 0 spa d
020 ## - INTERNATIONAL STANDARD BOOK NUMBER
International Standard Book Number 9786071711717
040 ## - CATALOGING SOURCE
Original cataloging agency Mx-PuUPA
Language of cataloging spa
Description conventions rda
Transcribing agency Mx-PuUPA
Modifying agency Mx-PuUPA
041 0# - LANGUAGE CODE
Language code of text/sound track or separate title spa
100 1# - MAIN ENTRY--PERSONAL NAME
9 (RLIN) 11928
Personal name Cortés Padilla, María Teresa,
Relator term autor
245 10 - TITLE STATEMENT
Title Metodología de la investigación /
Statement of responsibility, etc. María Teresa Cortés Padilla
250 ## - EDITION STATEMENT
Edition statement Primera edición /
Remainder of edition statement mayo
264 #1 - PRODUCTION, PUBLICATION, DISTRIBUTION, MANUFACTURE, AND COPYRIGHT NOTICE
Place of production, publication, distribution, manufacture Mexico, D.F. :
Name of producer, publisher, distributor, manufacturer Editorial Trillas,
Date of production, publication, distribution, manufacture, or copyright notice ©2012
300 ## - PHYSICAL DESCRIPTION
Extent 175 páginas :
Other physical details gráficas ;
Dimensions 23 cm
336 ## - CONTENT TYPE
Content type term texto
Content type code txt
Fuente rdacontent
337 ## - MEDIA TYPE
Media type term sin medio
Media type code n
Source rdamedia
338 ## - CARRIER TYPE
Carrier type term volumen
Carrier type code nc
Source rdacarrier
505 ## - FORMATTED CONTENTS NOTE
Miscellaneous information Características del conocimiento científico ; Preguntas de investigación ; Técnicas e instrumentos para recabar información
650 #7 - SUBJECT ADDED ENTRY--TOPICAL TERM
Topical term or geographic name entry element Investigación
General subdivision Metodología
Source of heading or term armarc
942 ## - ADDED ENTRY ELEMENTS (KOHA)
Source of classification or shelving scheme Dewey Decimal Classification
Koha item type Libro
Classification part 001.42
Item part C787
Existencias
Withdrawn status Lost status Source of classification or shelving scheme Damaged status Not for loan Collection code Home library Current library Shelving location Date acquired Total Checkouts Full call number Barcode Date last seen Date last checked out Price effective from Koha item type
    Dewey Decimal Classification     General Tehuacán Tehuacán Sala general 28/02/2022 1 001.42 C787 2012 968000000713 08/01/2025 10/10/2022 28/02/2022 Libro